| 000 | 00831nam a2200301Ia 4500 | ||
|---|---|---|---|
| 001 | Para_9327 | ||
| 003 | CHAP | ||
| 008 | 220125s1990 xx 000 0 und d | ||
| 010 | _a207930 | ||
| 040 | _cCHAP | ||
| 082 | _a583.55 O7 | ||
| 100 |
_aAlba Ordoñez, Alfonso _93420 |
||
| 245 |
_aEl cultivo del girasol / _c por Alfonso Alba Ordoñez y Manuel LLanos Company |
||
| 260 |
_aMadrid : _b Mundi Prensa |
||
| 300 | _a158 p. | ||
| 503 | _aC/e (ej.1) | ||
| 650 |
_aGirasol _x enfermedades _948142 |
||
| 650 |
_aGirasol _x plagas _948168 |
||
| 650 |
_aGirasol _x variedades _948186 |
||
| 700 |
_aLlanos Company, Manuel _967264 |
||
| 901 | _a583.55 O7 | ||
| 902 | _aM | ||
| 905 | _a0000001990 amn 0000000000 00 | ||
| 910 | _a1990 | ||
| 942 | _cPARA | ||
| 942 |
_cPARA _d1 |
||
| 999 |
_c207930 _d207930 |
||